00648nam a22001697a 4500003000900000008004100009040007100050082002400121100003100145245004600176260003200222300002800254505015200282650001000434650001800444650001600462AR-CdUCM190325b ||||| |||| 00| 0 spa d aMUNICIPALIDAD PROVINCIAL DEL CUSCOcBIBLIOTECA MUNICIPAL DEL CUSCO 22 ed.a519.5 /bN97 aNuñez del Prado, Gustavo aEstadística aplicada a la educación / aCusco : bGarcilaso,c1961. a218 páginas ;c23 cm. aContenido : Definiciones -- Elaboración estadística -- Presentacion o exposicion de los datos -- Distribución de los datos estadísticos ... aKhipu aEstadística aEducación